Breaking Bad Trivia #G - Statistics

General Stats
  • This quiz has been taken 129 times
  • The average score is 9 of 15
Answer Stats
Hint Answer % Correct
Owner of Los Pollos Hermanos Gustavo Fring
98%
Company co-founded by Walt Gray Matter
95%
Walts lab-assistant Gale Boetticher
92%
Hanks best friend Steven Gomez
90%
Creator of the series Vince Gilligan
83%
Skylers made-up reason to the familys new wealth Gambling
75%
Actor of Skyler White Anna Gunn
67%
Co-owner od said company Gretchen
65%
Madrigal Electromotive is from here Germany
64%
Souvenir Hank keeps from Tuco Grill
63%
Saul Goodman
52%
Nickname of New Hampshire __ State Granite State
30%
Gets his arm squashed and bleeds to death Gonzo
28%
Jesses Aunt Ginny
13%
Weapon, used by the germans in WW2, or so Walt tells us Gustav Gun
13%
No matching quizzes found
Score Distribution
Percent of People with Each Score
Percentile by Number Answered
Your Score History
You have not taken this quiz